000 00523nam a2200181Ia 4500
001 7679
005 20260306160513.0
008 260306t2011||||xx |||||||||||||| ||spa||
041 _aESP
082 _a353.95
_bC21
100 _aCalderón Cockburn, Julio
_eAUT
245 0 _aGestión del riesgo en el desarrollo sostenible:
_bla cooperación suiza y la reducción del riesgo de desastres en el Perú
260 _c2011
300 _a32 páginas :
_c30 cm.
650 _aGEN
654 _aCHU
942 _cLIB
_dJUS
_fJUS
_2ddc
_n
999 _c7679
_d7679